1872 1632 1117 1761 1848 1948 1446 1377 1175 1228 1087 1379 1720 1043 1918 1014 1444 1052 1871 1896 1748 1458 1986 1582 1254 1211 1237 1355 1829 1217 1573 1535 1877 1579 1400 1465 1316 1342 1757 1462 1734 1354 1263 1928 1108 1838 1375 1699 1960 2000 1751 1508 1386 1369 1775 1155 1504 1479 1218 1860 1551 1007 1069 1177 1984 1389 1641 1803 1748 1170 1003 1030 1835 1275 1917 1379 1832 1392 1093 1932 1747 1811 1218 1414 1785 1489 1909 1296 1029 1796 1706 1412 1562 1439 1375 1732 1691 1509 1156 BCNSPRNW ULIB Ver.6.0+V

เปลี่ยนเป็นภาษาไทย

Change to English
 แสดงรายละเอียดบรรณานุกรม
  กลับหน้าหลัก

Brief Record : Get Marc (ISO 2709) : E-mail record : QR code < ปิดหน้าต่าง
LEADER : 00000nam 2200000uu 4500
001    13399109200
003     ULIB
008    110203s2546||||th 000 0 tha d
020    9746453688(ล.3)
060  4 WA525^bม246ก ล.3 2546
110 1  มหาวิทยาลัยสุโขทัยธรรมาธิราช^bสาขาวิชาวิทยาศาสตร์สุขภาพ
245 00 เอกสารการสอนชุดวิชา การบริหารองค์การและทรัพยากรสาธารณสุข หน่วยที่ 11-15=^b Organization and public health resources management /^cสาขาวิชาวิทยาศาสตร์สุขภาพ มหาวิทยาลัยสุโขทัยธรรมาธิราช
246 0  Organization and public health resources management
250    พิมพ์ครั้งที่ 1
260    นนทบุรี:^bศูนย์หนังสือมหาวิทยาลัยสุโขทัยธรรมาธิราช,^c2546
300    275 หน้า
650  7 การบริหารสาธารณสุข
650  7 ทรัพยากรสาธารณสุข^xการจัดการ
945    ^p165^l0^i022771
945    ^p165^l0^i022770
945    ^p165^l0^i022769
945    ^p165^l0^i022772
995    ทศพร
999 ^a ใช้งานได้ทุกระบบ
รายการนี้ยังไม่มีแท็ก
คุณยังไม่ได้ล็อกอิน คุณสามารถมีกิจกรรมร่วมกับเว็บไซต์ได้ แต่ต้องล็อกอินก่อน ::
  ล็อกอิน

รายการสื่อสารสนเทศ

ลำดับที่ ประเภท เลขเรียก/บาร์โค้ด สถานที่ สถานะ
- ไม่พบข้อมูล -

รายการใกล้เคียง
    หัวเรื่อง [การบริหารสาธารณสุข]

BibComment


ยังไม่เคยถูกคอมเมนท์

คอมเมนท์ทรัพยากรรายการนี้
  คอมเมนท์: เอกสารการสอนชุดวิ..


 Copyright 2026. Bcnsprnw @Library